[Event "Rochefort op-B 16th"]
[Site "Rochefort"]
[Date "2017.02.18"]
[Round "7"]
[White "Boudart, Alain"]
[Black "Baron, Daniel"]
[Result "0-1"]
[WhiteElo "1783"]
[BlackElo "1975"]
[PlyCount "82"]
[EventDate "2017.02.18"]
[EventType "swiss"]
[EventRounds "9"]
[EventCountry "FRA"]
[SourceTitle "CBM 177 Extra"]
[Source "ChessBase"]
[SourceDate "2017.04.27"]
[SourceVersion "1"]
[SourceVersionDate "2017.04.27"]
[SourceQuality "1"]

1. e4 c5 2. c3 d5 3. exd5 Qxd5 4. d4 e6 5. Nf3 Nf6 6. Na3 Be7 7. Bc4 Qd8 8. Nc2 0-0 9. 0-0 Qc7 10. Qe2 Nc6 11. dxc5 Bxc5 12. Be3 Bd6 13. h3 b6 14. Ncd4 Nxd4 15. Nxd4 Bb7 16. Ba6 Bxa6 17. Qxa6 Nd5 18. Bd2 Qe7 19. Qe2 Rac8 20. a4 Bb8 21. a5 bxa5 22. Ra4 Qc7 23. Nf3 Nb6 24. Rg4 Rfe8 25. Bh6 g6 26. g3 e5 27. Qe4 Qd7 28. Nh4 Rc4 29. Nxg6 hxg6 30. Rxg6+ fxg6 31. Qxg6+ Kh8 32. Bg5 Rc6 33. Qh5+ Kg8 34. Rd1 Qf7 35. Qg4 Rg6 36. h4 e4 37. Qh5 Rg7 38. Qe2 Qf3 39. Qc2 e3 40. Qb3+ Kh8 41. Bxe3 Bxg3 0-1